| 000 | 00923nac a22002651u 4500 | ||
|---|---|---|---|
| 999 |
_c3730 _d3730 |
||
| 003 | EG-ScBUE | ||
| 005 | 20210120130135.0 | ||
| 008 | 090111s1986 ua f 000 j ara d | ||
| 017 | _a86/1740 | ||
| 020 | _a977112060 | ||
| 040 |
_aEG-ScBUE _bara _erda _cEG-ScBUE _dEG-ScBUE |
||
| 082 | 0 | 4 |
_a892.726 _bإ د ر _222 |
| 100 | 1 |
_aإدريس، يوسف، _d1927-1991، _eمؤلف. _9224 |
|
| 245 | 1 | 0 |
_aقاع المدينة / _cتأليف يوسف إدريس. |
| 264 | 1 |
_aالقاهرة : _bمكتبة مصر، _c[1986] |
|
| 300 |
_a143 صفحة ؛ _b16 سم. |
||
| 336 |
_2rdacontent _aنص _btxt |
||
| 337 |
_2rdamedia _aبدون وسيط _bn |
||
| 338 |
_2rdacarrier _aمجلد _bnc |
||
| 490 | 0 | _aمطبوعات مكتبة مصر | |
| 650 | 7 |
_aالقصص العربية القصيرة _zمصر _yقرن 20. _2BUEsh _9629 |
|
| 653 |
_bARALIT _cJanuary2021 |
||
| 655 |
_vReading book _934232 |
||
| 942 |
_cBB _k813 ا د ر _2ddc |
||